000 00712nam a2200241Ia 4500
005 20240209105746.0
008 131103s9999 xx 000 0 und d
020 _a8185336741
_cRs.75
040 _aLoreto College
041 _aEnglish
082 _a342.973
_bSKI
100 _aSkidmore,Max J.
245 _aAmerican Government
_b a brief introduction
_cMax J.Skidmore [and] Marshall Carter Tripp
250 _a5th ed.
260 _aNew Delhi
_bAffiliated East - West Press
_c1992
300 _axiii,296 p.
504 _aIncludes index
630 _aUnited States - Constitutional Law
650 _aConstitution
651 _aConstitutional and Administrative Law
850 _aLCLIB
942 _cBK
999 _c12402
_d62881